000 00659nam a2200289Ia 4500
005 20260324145256.0
008 008 260324s9999 xx 000 0 eng d
020 _a9780429292651
037 _aEBOOK
040 _aCRL
040 _beng
040 _cCRL
041 _2eng
041 _aeng
084 _qCRL
100 _aGeorge Dominguez
_91222387
245 0 _aGuidebook
245 0 _bToxic Substances Control Act
260 _bTaylor and Francis
260 _c1983
365 _a
365 _b385
856 _uhttp://www.taylorfrancis.com/books/9780429292651
942 _cEBOOK
999 _c1830060
_d1830060